000 00755nas a2200241 4500
001 BR2011004565
003 BR-BrBNA
005 20231205115532.0
007 ta
008 230509b bl.|||p| |||| 00| 00por d
040 _aBR-BrBNA
_bpor
_cBiblioteca Nacional de Agricultura
041 _a(Pt)
072 _aH10
100 1 _aCeruti, F.C.
245 1 _aInterações entre feromônios de insetos e semioquímicos de plantas
650 _aCONTROLE INTEGRADO
650 _aPRAGA DE PLANTA
650 _aINSETO
650 _aFEROMÔNIO
773 0 _tRevista Acadêmica. Ciências Agrárias e Ambientais (Brazil)
_xISSN 0103-989X
_g(Jan-Mar 2007), v. 5(1) p. 73-82
_wBR2011004565
909 _a202311
_bLúcia
_c55
_dLúcia Elande
942 _2AGRIS
_n0
_cANA
999 _c214301
_d214301